000 01863cam a2200169 4500500
005 20260111141942.0
041 _afre
042 _adc
100 1 0 _aMoureau, François
_eauthor
245 0 0 _aJacques-Henri Bernardin de Saint-Pierre, Voyage de Normandie 1775, texte établi, présenté et annoté par Gérard Pouchain, Presses Universitaires de Rouen et du Havre, coll. “Lumières normandes”, 2015, 233 p., ill. et carte
260 _c2016.
500 _a82
520 _aL’édition Besterman de la correspondance de Voltaire et son supplément de 1976 présentaient déjà une dizaine de lettres échangées par Voltaire et Charles Emmanuel de Crussol, duc d’Uzès, entre 1751 et 1760. La découverte d’un recueil manuscrit au Château d’Uzès, contenant leur correspondance sans doute complète, permet d’ajouter à ce corpus deux lettres de d’Uzès à Voltaire, ainsi qu’une « lettre à un évêque » écrite par d’Uzès en réaction à l’attentat de Damiens, transmise à Voltaire et que ce dernier fit circuler. Nous présentons ces trois lettres ici.
520 _aThe Besterman edition of the correspondence of Voltaire and its 1976 supplement presented ten letters, exchanged between 1751 and 1760 by Voltaire and Charles Emmanuel de Crussol, duke of Uzès. The discovery of a manuscript collection at the Château d’Uzès, which potentially holds all their letters, allows us to add two letters from Uzès to Voltaire as well as a ‘letter to a bishop’ written by Uzès in response to the assassination attempt of Louis XV by Damiens, passed on to Voltaire who in turn circulated it. This essay presents these three letters.
786 0 _nDix-huitième siècle | 48 | 1 | 2016-09-06 | p. V-V | 0070-6760
856 4 1 _uhttps://shs.cairn.info/revue-dix-huitieme-siecle-2016-1-page-V?lang=fr&redirect-ssocas=7080
999 _c1635198
_d1635198